000 00258nam a22001217a 4500
008 170822b xxu||||| |||| 00| 0 eng d
041 _aeng
080 _a51
100 _a38
101 _aMAT
245 _aFIRST OF TOPOLOGY
_cCHINN.W.G
942 _2udc
_cBK
999 _c24520
_d24520